| 000 | 00714nam a2200265Ia 4500 | ||
|---|---|---|---|
| 003 | OSt | ||
| 005 | 20220925212524.0 | ||
| 006 | a|||||r|||| 00| 0 | ||
| 007 | ta | ||
| 008 | 220923b |||||||| |||| 00| 0 eng d | ||
| 020 | _a0 04 921016 5 | ||
| 037 | _cGeneral Book | ||
| 040 |
_aRTL _cRTL _beng |
||
| 041 |
_2eng _aeng |
||
| 082 | _aX:3M24xL70, L3 | ||
| 100 | _aPlant Raymond | ||
| 245 | 0 | _aHegal | |
| 260 |
_aLondon _bAllen and Unwin _c1973 |
||
| 300 |
_a214p _ccm. |
||
| 490 | _aPolitical Thinkers. Ed by Geraint Parry.1 | ||
| 500 | _aBibliography p 207-10 | ||
| 650 |
_aSocialism _936676 |
||
| 942 |
_hX:3M24xL70, L3 _cGB _2CC |
||
| 999 |
_c560551 _d560551 |
||